| 000 | 00502nam a2200193Ia 4500 | ||
|---|---|---|---|
| 005 | 20240913125759.0 | ||
| 008 | 240913s9999||||xx |||||||||||||| ||und|| | ||
| 020 | _a978-81-86514-33-7 | ||
| 041 | _aENGLISH | ||
| 082 | _A615.321 Q1 | ||
| 100 | _aGoel H C | ||
| 245 | 0 | _aHerbs in Radiation Protection | |
| 250 | _a1st | ||
| 260 |
_c2011 _bDefence Research and Development Organis |
||
| 500 | _aREFERENCE | ||
| 650 |
_aHerbs in Radiation _bAerospace Engineering |
||
| 942 | _cREF | ||
| 999 |
_c246253 _d246253 |
||